The science of genetics
Bewaard in:
| Hoofdauteur: | |
|---|---|
| Formaat: | Boek |
| Taal: | Undetermined |
| Gepubliceerd in: |
New Dehli
Prentice Hall of India Private Limited
1977
|
| Onderwerpen: | |
| Tags: |
Voeg label toe
Geen labels, Wees de eerste die dit record labelt!
|
| Thư viện lưu trữ: | Trung tâm Học liệu Trường Đại học Cần Thơ |
|---|
| LEADER | 00510nam a2200181Ia 4500 | ||
|---|---|---|---|
| 001 | CTU_80075 | ||
| 008 | 210402s9999 xx 000 0 und d | ||
| 082 | |a 576.5 | ||
| 082 | |b H614 | ||
| 100 | |a Hexter, William | ||
| 245 | 4 | |a The science of genetics | |
| 245 | 0 | |c William Hexter, Henry T. Yost | |
| 260 | |a New Dehli | ||
| 260 | |b Prentice Hall of India Private Limited | ||
| 260 | |c 1977 | ||
| 650 | |a Science genetics | ||
| 904 | |i Trọng Hải | ||
| 980 | |a Trung tâm Học liệu Trường Đại học Cần Thơ | ||